Hỏi đáp về điện điện tử dân dụng

Tallennettuna:
Bibliografiset tiedot
Päätekijä: Bùi Văn Yên
Aineistotyyppi: Kirja
Kieli:Undetermined
Julkaistu: Hải Phòng Hải Phòng 2003
Aiheet:
Tagit: Lisää tagi
Ei tageja, Lisää ensimmäinen tagi!
Thư viện lưu trữ: Trung tâm Học liệu Trường Đại học Cần Thơ
LEADER 00537nam a2200193Ia 4500
001 CTU_59961
008 210402s9999 xx 000 0 und d
020 |b 26000 
082 |a 621.3 
082 |b Y254 
100 |a Bùi Văn Yên 
245 0 |a Hỏi đáp về điện điện tử dân dụng 
245 0 |c Bùi Văn Yên 
260 |a Hải Phòng 
260 |b Hải Phòng 
260 |c 2003 
650 |a electrics and electronics 
904 |i Minh 
980 |a Trung tâm Học liệu Trường Đại học Cần Thơ